Unikkoran Chathopadhyaya (Record no. 46356)

MARC details
000 -LEADER
fixed length control field 00407nam a2200145Ia 4500
008 - FIXED-LENGTH DATA ELEMENTS--GENERAL INFORMATION
fixed length control field 211109s9999||||xx |||||||||||||| ||und||
082 ## - DEWEY DECIMAL CLASSIFICATION NUMBER
Classification number 894.8123
Item number VAL-U
100 ## - MAIN ENTRY--PERSONAL NAME
Personal name Valsala, P
245 #0 - TITLE STATEMENT
Title Unikkoran Chathopadhyaya
260 ## - PUBLICATION, DISTRIBUTION, ETC.
Name of publisher, distributor, etc. N B S Ktm 537
Place of publication, distribution, etc. 2-6-93
Date of publication, distribution, etc. 1900
300 ## - PHYSICAL DESCRIPTION
Extent 172p.
630 ## - SUBJECT ADDED ENTRY--UNIFORM TITLE
General subdivision GENERAL STACK
650 ## - SUBJECT ADDED ENTRY--TOPICAL TERM
Topical term or geographic name entry element Literature
942 ## - ADDED ENTRY ELEMENTS (KOHA)
Koha item type BOOK
650 ## - SUBJECT ADDED ENTRY--TOPICAL TERM
Form subdivision Malayalam Literature
General subdivision Malayalam FictionStoryMalayalam
Holdings
Withdrawn status Lost status Damaged status Not for loan Home library Current library Date acquired Cost, normal purchase price Total Checkouts Full call number Barcode Shelving location Date last seen Price effective from Koha item type
        SB LIBRARY SB LIBRARY 09/11/2021 100.00   894.8123 VAL-U 00088369 GENERAL STACK 09/11/2021 09/11/2021 BOOK

Powered by Koha